000 00588nam a2200193Ia 4500
003 GCL
008 140319s9999 xx 000 0 ara d
040 _aGCL /
_cGCL
082 0 4 _a811.094
_bا ا
100 1 _aاحمد الشهاوى
245 1 0 _a"الاحاديث ""السفر الثانى""" /
_cاحمد الشهاوى
260 _a[S.N] :
_bالهيئة المصرية العامة للكتاب ،
_c1993
300 _a221 ص
490 _a
650 0 4 _aالشعر العربى
650 0 4 _aالادب العربى
650 0 4 _aالعصر الحديث
942 _2ddc
_cBK
999 _c30102
_d30102